Marrassini P. (éd.), Storia e leggenda dell’Etiopia tardoantica, coll. Testi del Vicino Oriente antico, Brescia, Paideia ed., 2014, 14x21, 394 p., 43 €. ISBN 978-88-394-0873-0 (notice n° 1624119)

détails MARC
000 -LEADER
fixed length control field 01803cam a2200169 4500500
005 - DATE AND TIME OF LATEST TRANSACTION
control field 20260111092652.0
041 ## - LANGUAGE CODE
Language code of text/sound track or separate title fre
042 ## - AUTHENTICATION CODE
Authentication code dc
100 10 - MAIN ENTRY--PERSONAL NAME
Personal name Wargnies, Philippe
Relator term author
245 00 - TITLE STATEMENT
Title Marrassini P. (éd.), Storia e leggenda dell’Etiopia tardoantica, coll. Testi del Vicino Oriente antico, Brescia, Paideia ed., 2014, 14x21, 394 p., 43 €. ISBN 978-88-394-0873-0
260 ## - PUBLICATION, DISTRIBUTION, ETC.
Date of publication, distribution, etc. 2015.<br/>
500 ## - GENERAL NOTE
General note 73
520 ## - SUMMARY, ETC.
Summary, etc. Le concept du désir, considéré du point de vue métaphysique et dans la perspective du salut, est chez Catherine de Sienne le fondement d’une véritable pédagogie spirituelle. Dans le désir, point de rencontre privilégié entre la créature et son Dieu, la sainte découvre Dieu à la fois présent en elle et pourtant au-delà d’elle-même. Cet article entend montrer que le désir infini qui habite l’homme est dans la doctrine catherinienne une réponse au désir infini du Dieu-Trinité, manifesté par le Christ dans sa Passion.
520 ## - SUMMARY, ETC.
Summary, etc. To Desire Infinitely. The Mysticism of Catherine of SiennaConsidered from a metaphysical point of view and in the perspective of salvation, the concept of desire in Catherine of Sienna is the basis of a real spiritual pedagogy. Within desire, the privileged meeting place between the creature and her God, the saint discovers God at once present within her and nevertheless beyond her. This article tries to show that the infinite desire which dwells within human beings is (in Catherine’s teaching) a response to the infinite desire of the Trinitarian God, manifested by Christ in his passion.
786 0# - DATA SOURCE ENTRY
Note Nouvelle revue théologique | 137 | 3 | 2015-05-26 | p. 486k-494k | 0029-4845
856 41 - ELECTRONIC LOCATION AND ACCESS
Uniform Resource Identifier <a href="https://shs.cairn.info/revue-nouvelle-revue-theologique-2015-3-page-486k?lang=fr&redirect-ssocas=7080">https://shs.cairn.info/revue-nouvelle-revue-theologique-2015-3-page-486k?lang=fr&redirect-ssocas=7080</a>

Pas d'exemplaire disponible.

PLUDOC

PLUDOC est la plateforme unique et centralisée de gestion des bibliothèques physiques et numériques de Guinée administré par le CEDUST. Elle est la plus grande base de données de ressources documentaires pour les Étudiants, Enseignants chercheurs et Chercheurs de Guinée.

Adresse

627 919 101/664 919 101

25 boulevard du commerce
Kaloum, Conakry, Guinée

Réseaux sociaux

Powered by Netsen Group @ 2025